000 01308cam a22003498a 4500
001 1199225
003 OSt
005 20250901165644.0
008 981005s1999 nyu c 000 1 eng
010 _a 98033265
020 _a0789426099
040 _aDLC
_cDLC
_dDLC
042 _alcac
050 0 0 _aPZ7.A1594 1999
_bSay 1999
082 0 0 _a[Fic]
_221
100 1 _aAbelove, Joan.
245 1 0 _aSaying it out loud /
_cby Joan Abelove.
250 _a1st ed.
260 _aNew York :
_bDK Pub.,
_c1999.
263 _a1111
300 _ap. cm.
520 _aWith the help of her best friend, sixteen-year-old Mindy sorts through her relationships with her solicitous mother and her detached father as she tries to come to terms with the fact that her mother is dying from a brain tumor.
650 1 _aMothers and daughters
_xFiction.
650 1 _aFathers and daughters
_xFiction.
650 1 _aDeath
_xFiction.
650 1 _aJews
_zUnited States
_xFiction.
906 _a0
_bvip
_corignew
_d1
_eocip
_f19
_gy-gencatlg
942 _2ddc
_cBK
999 _c7303
_d7303